| 000 | 00667cam a22002531 4500 | ||
|---|---|---|---|
| 999 |
_c8492 _d8492 |
||
| 001 | 8492 | ||
| 003 | BD-JhCC | ||
| 005 | 20180919095020.0 | ||
| 008 | 770325s1956 nyua 000 0 eng | ||
| 035 | _a(BD-JhCC)8492 | ||
| 035 | _a(OCoLC)2834146 | ||
| 040 |
_aDLC _cNSbSU _dNcRS _dDLC |
||
| 041 | _aeng | ||
| 050 | 0 | 0 |
_aHG1601 _b.A65 |
| 082 |
_a332.1 _bPRI 1956 |
||
| 110 | 2 | _aAmerican Institute of Banking. | |
| 245 | 1 | 0 |
_aPrinciples of bank operations / _cAmerican Institute of Banking. |
| 260 |
_aNew York, _c[1956] |
||
| 300 |
_a404 p. _billus. _c24 cm. |
||
| 650 | 0 | _aBanks and banking | |
| 740 | 0 | _aBank operations. | |
| 942 |
_2ddc _cBK |
||